00726nam a2200241Ia 450000100060000000300090000600800410001504000130005604000130006904100130008210000110009510000290010624500310013524500310016625000110019726000090020826000220021726000490023930000570028850000880034565000200043365000310045363955IT-RoPAU130308s9999 xx 000 0 und d aIT-RoPAU cIT-RoPAU aITALIANO aAA.VV. gCodice Aut. SPICS: 12000 aTeatro-Anno III, N.1, 1970 bTeatro-Anno Iii, N.1, 1970 a1a ed. aROMA bSamona' E Savelli c1970 [1° Ed.:1970 - Ed.Ling.Originale:1970] a"160 p. (prefazione: no ; testo: 160 [pagine: 0-0])" aTraducibilità della Scrittura scenica Laboratorio spettacoli Saggi Dia Utori Vari aSAGGI DI TEATRO eCodice materia Spics: 8411